| 000 | 00718nam a22002415a 4500 | ||
|---|---|---|---|
| 005 | 20161116112105.0 | ||
| 008 | 161116t2011 caua frb 001 0 eng d | ||
| 020 | _a9780495813699 | ||
| 020 | _a0495813699 | ||
| 040 |
_aEG-ScBUE _beng _cEG-ScBUE _dEG-ScBUE |
||
| 082 | 0 | 4 |
_222 _a306 _bNAN |
| 100 | 1 | _aNanda, Serena. | |
| 245 | 1 | 0 |
_aCultural anthropology / _cSerena Nanda, Richard L. Warms. |
| 260 |
_aBelmont : _bWadsworth Cengage Learning, _cc.2011. |
||
| 300 |
_axxi, 426 p. : _bill. ; _c28 cm. |
||
| 500 | _aIndex : p. 413-426. | ||
| 504 | _aBibliography : p. 394-411. | ||
| 650 | 7 |
_2BUEsh _927833 _aEthnology. |
|
| 651 | _2BUEsh | ||
| 653 |
_bNNUR _cNovember2016 |
||
| 700 | 1 | _aWarms, Richard L. | |
| 942 | _2ddc | ||
| 999 |
_c23162 _d23134 |
||